000 00711nam a22002057a 4500
005 20100817112348.0
010 _aENG-100679
020 _a8174251138
_c75.00
035 _aEN-84212
037 _bDBAD/PUB
082 _a929.92
100 _aDandekar , Anil
_914258
245 _aIntroduction of nations and some national flags /
_cby Anil Dandekar
260 _aPune
_bUtkarsh Prakashan
_c200?
270 _a701, Deccan Gymkhana
_bPune
_e411004
300 _a100p.
_c21cm (pbk)
650 _aNational flags
_914259
942 _2ddc
_cEN
_h929.92
_mDAN
999 _c42254
_d42254